| 000 | 00921cam a2200265 a 4500 | ||
|---|---|---|---|
| 001 | vtls003028443 | ||
| 003 | MY-SjTCS | ||
| 005 | 20200226120503.0 | ||
| 008 | 110218s1995 txua 001 0 eng | ||
| 020 | _a0155008579 (pbk.) | ||
| 039 | 9 |
_a201102181258 _bVLOAD _c200607011038 _dmas _y200606091530 _zshah_rol |
|
| 082 | 0 | 0 |
_a808.0427 _bBER |
| 100 | 1 |
_aBerke, Jacqueline. _981019 |
|
| 245 | 1 | 0 |
_aTwenty questions for the writer : _ba rhetoric with readings / _cJacqueline Berke, Randal Woodland. |
| 246 | 3 | _a20 questions for the writer | |
| 250 | _a6th ed. | ||
| 260 |
_aBoston, MA : _bHeinle & Heinle, _cc1995. |
||
| 300 |
_axxxvii, 681 p. : _bill. ; _c24 cm. |
||
| 504 | _aIncludes bibliographical references (p. [669]) and index. | ||
| 650 | 0 |
_aEnglish language _xRhetoric. _91397 |
|
| 650 | 0 |
_aCollege readers. _91527 |
|
| 650 | 0 | _aReport writing. | |
| 700 | 1 |
_aWoodland, Randal. _981020 |
|
| 920 | _aADP : 97617 | ||
| 999 | _c165291 | ||